000
00336nam a2200145Ia 4500
008
150201s2001 xx 000 0 und d
082
_a
616.8
_b
N2001U
100
_a
UMPHRED
245
_a
NEUROLOGICAL REHABILITATION
250
_a
4TH
260
_b
MOSBY
_a
DELHI
_c
2001
300
_a
1-1050
650
_a
PHYSIOTHERAPY
942
_2
ddc
_c
BK
999
_c
4312
_d
4312